[Event "ch-Catalonia"]
[Site "Barcelona ESP"]
[Date "2007.04.03"]
[Round "3"]
[White "Romero Forero,M"]
[Black "Fernandez Gonzalez,J"]
[Result "0-1"]
[WhiteElo "1928"]
[BlackElo "2072"]

1.d4 Nf6 2.Bg5 d5 3.Bxf6 exf6 4.e3 g6 5.Bd3 Bg7 6.Nf3 c6 7.c3 O-O 8.Qc2 f5
9.O-O Nd7 10.Nbd2 Nf6 11.Rac1 Be6 12.Ng5 Ne4 13.Nxe6 fxe6 14.f3 Qg5 15.Rce1 Nd6
16.f4 Qe7 17.Nf3 Bf6 18.Qe2 b6 19.Ne5 Bxe5 20.fxe5 Ne8 21.Rf2 Ng7 22.Ref1 c5
23.b3 Qg5 24.c4 Rad8 25.cxd5 exd5 26.Qf3 Ne6 27.dxc5 bxc5 28.Rd1 Kg7 29.Bf1 f4
30.Qh3 Qxe5 31.exf4 Nxf4 32.Qg3 g5 33.Kh1 h5 34.Re1 Qxe1 35.Qxg5+ Ng6  0-1

[Event "8th ch-Euro w"]
[Site "Dresden GER"]
[Date "2007.04.03"]
[Round "1"]
[White "Shmirina,G"]
[Black "Khukhashvili,S"]
[Result "0-1"]
[WhiteElo "2115"]
[BlackElo "2320"]

1.d4 Nf6 2.Bg5 c5 3.Bxf6 gxf6 4.d5 Qb6 5.Qc1 Bg7 6.Nd2 d6 7.e3 Nd7 8.Nc4 Qc7
9.a4 f5 10.Ne2 b6 11.Nf4 Nf6 12.Be2 O-O 13.Qd1 Rd8 14.O-O Rb8 15.Nh5 Nxh5
16.Bxh5 a6 17.Qf3 e6 18.dxe6 Bxe6 19.Qf4 Rd7 20.c3 b5 21.axb5 axb5 22.Nd2 d5
23.Qxc7 Rxc7 24.Ra5 Bf6 25.Rc1 Rcc8 26.Kf1 b4 27.Ke1 d4 28.exd4 bxc3 29.bxc3 cxd4
30.c4 Rb2 31.f4 Bd8 32.Raa1 Kg7 33.c5 Rb5 34.c6 Ba5 35.Kd1 Bc3 36.Ra6 Re8
37.Bf3 Rb2  0-1

[Event "8th ch-Euro"]
[Site "Dresden GER"]
[Date "2007.04.03"]
[Round "1"]
[White "Calder,D"]
[Black "Nechepurenko,R"]
[Result "0-1"]
[WhiteElo "2009"]
[BlackElo "2481"]

1.d4 Nf6 2.Bg5 c5 3.Bxf6 exf6 4.dxc5 Bxc5 5.e3 Qb6 6.Qc1 d5 7.c3 O-O 8.Nd2 Re8
9.Be2 f5 10.Nb3 f4 11.Nxc5 Qxc5 12.exf4 Bg4 13.h3 Bxe2 14.Nxe2 Qb5 15.Qc2 Nc6
16.Rd1 d4 17.Rd3 Rac8 18.Qd2 dxc3 19.bxc3 Qb1+ 20.Qd1 Qxa2 21.Rd2 Qc4 22.O-O h6
23.Re1 Re7 24.Nd4 Rxe1+ 25.Qxe1 Qxc3 26.Nf5 Qf6 27.Nd6 Rb8 28.Qe3 Qe7 29.Qc3 g6
30.Rd3 Kh7 31.f5 Rd8 32.fxg6+ fxg6 33.Ne4 Rxd3 34.Qxd3 Kg7 35.Nd6 Qe1+ 36.Kh2 Qe5+
37.g3 Qd4 38.Ne8+ Kf8 39.Qxg6 Qxf2+ 40.Kh1 Qe1+ 41.Kg2 Qe2+ 42.Kg1 Qe3+ 43.Kg2 Qe2+
44.Kg1 Qxe8 45.Qxh6+ Ke7 46.g4 Kd7 47.g5 Qe3+ 48.Kg2 Qe4+ 49.Kg1 Ne5 50.Qg7+ Kc6
51.Qf6+ Kb5 52.Qf1+ Ka5 53.Qa1+ Kb6 54.Qb2+ Kc7 55.Qc3+ Kb8 56.Qg3 a5 57.h4 Qg4
58.Qxg4 Nxg4 59.h5 a4 60.h6 Ne5  0-1

[Event "8th ch-Euro"]
[Site "Dresden GER"]
[Date "2007.04.04"]
[Round "2"]
[White "Laznicka,V"]
[Black "Parligras,M"]
[Result "1/2-1/2"]
[WhiteElo "2593"]
[BlackElo "2494"]

1.d4 Nf6 2.Bg5 c5 3.Bxf6 gxf6 4.d5 Qb6 5.Qc1 f5 6.e3 Bg7 7.c3 d6 8.Nh3 Nd7
9.Nf4 Nf6 10.Bc4 Bd7 11.Nd2 Qc7 12.a4 O-O 13.O-O b6 14.Bb5 e5 15.dxe6 fxe6
16.Qc2 Rae8 17.c4 Re7 18.Bxd7 Qxd7 19.Rfd1 Qc6 20.Ra3 Bh6 21.Rd3 Rg7 22.g3 Re7
23.Nb1 Rd8 24.Ng2 Bg7 25.Nc3 Ng4 26.f4 Red7 27.Nh4 Bxc3 28.Qxc3 Kf7 29.b3 a6
30.Qc2 Nf6 31.Qe2 b5 32.axb5 axb5 33.Nf3 bxc4 34.bxc4 Ke7 35.h3 Qe4 36.Nd2 Qc6  1/2-1/2

[Event "8th ch-Euro w"]
[Site "Dresden GER"]
[Date "2007.04.04"]
[Round "2"]
[White "Hoang Thanh Trang"]
[Black "Vasilkova,S"]
[Result "1/2-1/2"]
[WhiteElo "2470"]
[BlackElo "2336"]

1.d4 Nf6 2.Bg5 d5 3.e3 g6 4.Bxf6 exf6 5.g3 Bd6 6.Bg2 c6 7.Ne2 O-O 8.Nd2 f5
9.b3 Nd7 10.c4 dxc4 11.bxc4 Re8 12.O-O Nf6 13.Qc2 c5 14.Nc3 a6 15.Nb3 Qe7
16.dxc5 Bxc5 17.Nd5 Nxd5 18.cxd5 Bd6 19.Na5 Rb8 20.Rab1 h5 21.Nc4 Bd7 22.Rb6 Bc5
23.d6 Qe6 24.Rxb7 Rxb7 25.Bxb7 Bb5 26.Rc1 Bxd6 27.Nxd6 Qxd6 28.a4 Bd3 29.Qd2 Qa3
30.Rd1 Be4 31.Qd7 Rf8 32.Bxe4 fxe4 33.Qc6 Qe7 34.Rd4 Re8 35.Qxa6 h4 36.Kg2 Qe5
37.Qb5 Qe6 38.Qd7 h3+ 39.Kf1 Qa6+ 40.Kg1 Rb8 41.Rd1 Qe2 42.Rc1 Qc4 43.Ra1 Qa2
44.Qd1 Qe6 45.a5 Ra8 46.Qf1 Ra6 47.Qc1 Qf5 48.Qc7 Qf6 49.Qc1 Qf5 50.Qc3 Rf6
51.Qc1 Ra6 52.Qd1 Kh7 53.Qf1 Qe6 54.Qb5 Qf6 55.Rc1 Rxa5 56.Qd7 Rh5  1/2-1/2

[Event "8th ch-Euro"]
[Site "Dresden GER"]
[Date "2007.04.05"]
[Round "3"]
[White "Czap,B"]
[Black "Fernandes,An"]
[Result "0-1"]
[WhiteElo "2207"]
[BlackElo "2452"]

1.d4 Nf6 2.Bg5 c5 3.Bxf6 gxf6 4.d5 Qb6 5.Qc1 Bg7 6.g3 d6 7.c3 f5 8.Bg2 Nd7
9.Nh3 h5 10.Qc2 Ne5 11.Nd2 Bd7 12.Nf4 h4 13.Bh3 Ng4 14.e4 fxe4 15.Nc4 Qc7
16.Qxe4 Nf6 17.Bxd7+ Qxd7 18.Qf3 Kf8 19.O-O Bh6 20.Ng2 Bg5 21.Nce3 Qh3 22.Ne1 Bxe3
23.fxe3 hxg3 24.Qg2 gxh2+ 25.Kh1 Qxg2+ 26.Nxg2 Rh3 27.c4 Ne4 28.Nf4 Ng3+
29.Kg2 h1=Q+ 30.Rxh1 Rxh1  0-1

[Event "8th ch-Euro w"]
[Site "Dresden GER"]
[Date "2007.04.05"]
[Round "3"]
[White "Shukurova,M"]
[Black "Chelushkina,I"]
[Result "1/2-1/2"]
[WhiteElo "2220"]
[BlackElo "2338"]

1.d4 Nf6 2.Bg5 d5 3.Bxf6 exf6 4.e3 Bd6 5.Nf3 Nc6 6.c3 Ne7 7.Bd3 c6 8.Nbd2 a5
9.a4 Bd7 10.O-O O-O 11.Qc2 h6 12.c4 Bc7 13.b3 Bg4 14.Rfb1 Rc8 15.c5 b6 16.b4 axb4
17.Rxb4 Ra8 18.Rab1 bxc5 19.dxc5 Bc8 20.Nb3 Qe8 21.Nbd4 Ng6 22.Bf5 Ba6 23.Bd3 Bc8
24.Bf5 Ba6 25.Bd3 Bxd3 26.Qxd3 Ne5 27.Qf5 Nxf3+ 28.Qxf3 Ra7 29.g3 Be5 30.Nf5 g6
31.Nxh6+ Kg7 32.Ng4 Qe7 33.Nxe5 fxe5 34.Qe2 Qxc5 35.Qb2 Qe7 36.f4 c5 37.Rb5 Rxa4
38.fxe5 Kh7 39.Rf1 d4 40.exd4 Rxd4 41.Rb7 Qe6 42.Qf2 Kg8 43.Rc7 Qd5 44.e6 Qxe6
45.Rxc5 Rd5 46.Rc2 Re5 47.Qa7 Re1 48.Rf2 Rxf1+ 49.Rxf1 Rd8 50.Qf2 Re8 51.Rc1 Qg4
52.Re1 Rc8 53.Qe2 Qf5 54.Qf2 Qxf2+  1/2-1/2

[Event "Kaupthing GM"]
[Site "Reykjavik ISL"]
[Date "2007.04.05"]
[Round "2"]
[White "Thorfinnsson,Bj"]
[Black "Hardarson,R"]
[Result "0-1"]
[WhiteElo "2348"]
[BlackElo "2332"]

1.d4 Nf6 2.Bg5 c5 3.Bxf6 gxf6 4.d5 d6 5.e4 Qb6 6.Na3 Qxb2 7.Nb5 Qb4+ 8.c3 Qxe4+
9.Ne2 Na6 10.Qd2 h5 11.f3 Qe5 12.Kf2 Bh6 13.f4 Qe4 14.Re1 Kf8 15.g3 Qa4 16.Qb2 Nb4
17.Nc1 Nxd5 18.Bg2 Nxf4 19.Re4 Nh3+  0-1

[Event "Kaupthing GM"]
[Site "Reykjavik ISL"]
[Date "2007.04.05"]
[Round "3"]
[White "Kristjansson,St"]
[Black "Thorfinnsson,Br"]
[Result "1/2-1/2"]
[WhiteElo "2485"]
[BlackElo "2384"]

1.d4 Nf6 2.Bg5 d5 3.Bxf6 exf6 4.g3 c6 5.c3 Qb6 6.Qb3 Bd6 7.Nd2 O-O 8.Bg2 Re8
9.e3 Bf5 10.Ne2 Bd3 11.Nc1 Ba6 12.Qxb6 axb6 13.g4 Nd7 14.Kd1 Nf8 15.Kc2 Ne6
16.Nd3 Ng5 17.a3 Ne4 18.Nxe4 dxe4 19.Nb4 Bc4 20.Kd2 Ra5 21.f3 exf3 22.Bxf3 f5
23.h3 Bg3 24.Nd3 Bxd3 25.Kxd3 Bf2 26.e4 fxe4+ 27.Bxe4 g6 28.Rhf1 Bh4 29.Rad1 Re7
30.Bf3 Kg7  1/2-1/2

[Event "30th Open"]
[Site "San Sebastian ESP"]
[Date "2007.04.05"]
[Round "5"]
[White "Alvarado Fernandez,M"]
[Black "Gonzalez Sagasti,J"]
[Result "1-0"]
[WhiteElo "2000"]
[BlackElo "1844"]

1.d4 d5 2.Bg5 Nf6 3.Bxf6 gxf6 4.g3 c6 5.e3 Qb6 6.Qc1 Bh6 7.Ne2 e5 8.c3 Bg4
9.Nd2 Nd7 10.Qc2 Qc7 11.f3 Bh5 12.Kf2 Bg6 13.Qd1 Qb6 14.Qb3 O-O-O 15.Qxb6 Nxb6
16.f4 Bg7 17.Bh3+ f5 18.fxe5 f6 19.exf6 Bxf6 20.Nf4 Kb8 21.Rhe1 Rde8 22.Bf1 Re7
23.Bd3 Kc7 24.a4 Nc8 25.a5 a6 26.b4 Nd6 27.Ra2 Nb5 28.Bxb5 axb5 29.Nb3 Kd6
30.Nc5 Ra8 31.Rea1 Rae8 32.Re1 Ra8 33.Nb3 Bg5 34.Rae2 Rae8 35.Nc1 b6 36.axb6 Rb8
37.Ncd3 Rxb6 38.Ra2 Rb8 39.Ra6 Bxf4 40.Nxf4 Rbe8 41.Nd3 Re6 42.Ra7 R8e7 43.Rxe7 Rxe7
44.Ra1 Rg7 45.Ra6 Re7 46.Ne5 Be8 47.Kf3 Bd7 48.Kf4 Rg7 49.Ra7  1-0

[Event "ch-Catalonia"]
[Site "Barcelona ESP"]
[Date "2007.04.06"]
[Round "6"]
[White "Mendez Rocha,A"]
[Black "Corrales Adamuz,C"]
[Result "1-0"]
[WhiteElo "1783"]
[BlackElo "1850"]

1.d4 d5 2.Bg5 Nf6 3.Bxf6 exf6 4.e3 Bf5 5.Nf3 g6 6.Bd3 Bxd3 7.Qxd3 Bg7 8.Qb5+ Qd7
9.Qxb7 Qc6 10.Qb3 O-O 11.Nc3 Rd8 12.O-O Bf8 13.a3 Na6 14.Qa4 Qxa4 15.Nxa4 c5
16.dxc5 Nxc5 17.Nxc5 Bxc5 18.b4 Bd6 19.Ra2 Rab8 20.g3 Bc7 21.Nd4 Rd6 22.Nb3 f5
23.Rd1 g5 24.Nd4 Rf6 25.b5 Ba5 26.a4 f4 27.exf4 gxf4 28.Nc6 Re8 29.Nxa5 fxg3
30.hxg3 Re2 31.Rf1 d4 32.Ra3 Rxc2 33.Rd3 Rd6 34.Nc6 Ra2 35.Nxa7 Rxa4 36.Nc6 Rc4
37.Rfd1  1-0

[Event "45th Doeberl Cup"]
[Site "Canberra AUS"]
[Date "2007.04.06"]
[Round "1"]
[White "Rogers,I"]
[Black "Fitzpatrick,A"]
[Result "1-0"]
[WhiteElo "2526"]
[BlackElo "2062"]

1.d4 Nf6 2.Bg5 g6 3.Bxf6 exf6 4.g3 Bg7 5.Bg2 d5 6.e3 c6 7.Nd2 O-O 8.Ne2 Nd7
9.O-O f5 10.c4 Nf6 11.cxd5 cxd5 12.Qb3 b6 13.Nf4 Bb7 14.Rfc1 Qd6 15.Nb1 Rfd8
16.Nc3 Bc6 17.Rc2 g5 18.Nd3 Ne4 19.Rac1 Rac8 20.Nb5 Qd7 21.Nxa7 Qxa7 22.Rxc6 Rxc6
23.Rxc6 b5 24.a3 f4 25.gxf4 gxf4 26.Nxf4 Qd7 27.Qxd5  1-0

[Event "8th ch-Euro"]
[Site "Dresden GER"]
[Date "2007.04.06"]
[Round "4"]
[White "Porper,E"]
[Black "Schmidt,Rau"]
[Result "1-0"]
[WhiteElo "2477"]
[BlackElo "1979"]

1.d4 Nf6 2.Bg5 g6 3.Bxf6 exf6 4.e3 Bg7 5.g3 d6 6.Bg2 Nd7 7.Ne2 f5 8.c4 Nf6
9.Nbc3 c6 10.b4 O-O 11.a4 Be6 12.Qd3 Re8 13.Nf4 Qe7 14.O-O Ne4 15.a5 Rac8
16.a6 b6 17.Nxe6 Qxe6 18.Ne2 Bh6 19.Rfe1 c5 20.Nf4 Bxf4 21.exf4 Qd7 22.dxc5 bxc5
23.b5 d5 24.Qxd5 Qxd5 25.cxd5 Nd6 26.Rxe8+ Rxe8 27.Rb1 Kf8 28.b6 axb6 29.Rxb6 Ke7
30.Rc6 Ra8 31.Bf1 c4 32.f3 Rc8 33.Rxc8 Nxc8 34.Bxc4 Kd6 35.Kf2 Kc5 36.d6 Kxd6
37.Bxf7 Kc6 38.Ke3 Nd6 39.Bg8 h6 40.Kd4 g5 41.Ke5 Nc8 42.Be6  1-0

[Event "45th Doeberl Cup"]
[Site "Canberra AUS"]
[Date "2007.04.07"]
[Round "3"]
[White "Rogers,I"]
[Black "Toth,An1"]
[Result "1-0"]
[WhiteElo "2526"]
[BlackElo "2408"]

1.d4 Nf6 2.Bg5 d5 3.Bxf6 exf6 4.e3 Bd6 5.Nd2 O-O 6.g3 Be6 7.Bg2 c6 8.Ne2 Qd7
9.O-O Bh3 10.Bxh3 Qxh3 11.c4 Qh5 12.Nc3 Qxd1 13.Rfxd1 dxc4 14.Nxc4 Bb4 15.Ne4 Na6
16.a3 Be7 17.b4 Nc7 18.Na5 Rab8 19.Nc5 Bxc5 20.dxc5 Rfc8 21.Rd7 Kf8 22.e4 Ke8
23.Rad1 g6 24.Kg2 f5 25.exf5 gxf5 26.Kh3 f4 27.gxf4 Rd8 28.Rxd8+ Rxd8 29.Rxd8+ Kxd8
30.Nxb7+ Kd7 31.Nd6 f6 32.f5 Nd5 33.Kg4  1-0

[Event "8th ch-Euro w"]
[Site "Dresden GER"]
[Date "2007.04.07"]
[Round "5"]
[White "Juergens,V"]
[Black "Peptan,C"]
[Result "1-0"]
[WhiteElo "2290"]
[BlackElo "2408"]

1.d4 Nf6 2.Bg5 c5 3.d5 Qb6 4.Nc3 d6 5.e4 Nbd7 6.a4 a6 7.a5 Qc7 8.Nf3 g6 9.h3 Bg7
10.Qd2 O-O 11.Be2 Re8 12.O-O Rb8 13.Qc1 Nf8 14.Bf4 Nh5 15.Bh2 b5 16.axb6 Qxb6
17.Ra2 e5 18.Nd2 Bh6 19.Bxh5 gxh5 20.Qd1 Qd8 21.Nc4 h4 22.Qh5 Qf6 23.f4 Bxf4
24.Bxf4 exf4 25.e5 dxe5 26.Ne4 Qg7 27.Qxh4 Kh8 28.Ncd6 Bd7 29.Nxe8 Bxe8 30.c4 Nd7
31.Rxa6 Rxb2 32.Rf2 Rb1+ 33.Kh2 Rb8 34.Qg5 Qxg5 35.Nxg5 Kg7 36.Ne4 f6 37.Rfa2 Bg6
38.Nd6 Bb1 39.Ra1 Nf8 40.Ne8+ Rxe8 41.Rxb1 e4 42.Rc6 e3 43.Rxc5 Ng6 44.Rc7+ Kh6
45.d6 Ne5 46.c5 e2 47.Re7 Rg8 48.Rxe5 fxe5 49.Re1 Kg6 50.Rxe2 Kf6 51.c6 Ra8
52.d7 Ke6 53.Rxe5+ Kxe5 54.c7 f3 55.c8=Q  1-0

[Event "8th ch-Euro w"]
[Site "Dresden GER"]
[Date "2007.04.07"]
[Round "5"]
[White "Paulet,I"]
[Black "Cherednichenko,E"]
[Result "1-0"]
[WhiteElo "2242"]
[BlackElo "2028"]

1.d4 Nf6 2.Bg5 g6 3.Bxf6 exf6 4.e3 d5 5.g3 Bg7 6.Bg2 O-O 7.Ne2 c6 8.O-O Bg4
9.c4 dxc4 10.Qc2 Be6 11.Nf4 Qd7 12.Nd2 Na6 13.Nxe6 fxe6 14.Qxc4 f5 15.b4 Nc7
16.Nb3 Nd5 17.Nc5 Qf7 18.Rac1 Rfd8 19.Nd3 Nc7 20.a4 a6 21.Rc2 Rab8 22.Rfc1 h6
23.Qb3 Kh7 24.Bf1 Qe7 25.Rc5 Rd5 26.Rxd5 Nxd5 27.b5 axb5 28.axb5 cxb5 29.Qxb5 b6
30.Bg2 Nc7 31.Qc6 Ne8 32.Nf4 Nd6 33.Qc7 Re8 34.Qxe7 Rxe7 35.Rc6 Ne8 36.Nxe6 b5
37.Nxg7 Kxg7 38.Rb6 Nc7 39.Kf1 Rd7 40.Ke2 Nd5 41.Bxd5 Rxd5 42.Kd3 g5 43.f3 g4
44.fxg4 fxg4 45.Ke4 Rh5 46.Kf4 Rxh2 47.Kxg4 Rb2 48.Kf5 b4 49.Rb7+ Kf8 50.e4 b3
51.Ke6 Re2 52.e5 Re3 53.g4 Re4 54.d5 Rxg4 55.Rb8+ Kg7 56.Rxb3 h5 57.d6 Rd4
58.d7 Kg6 59.Rg3+ Kh6 60.Rg8 h4 61.d8=Q Rxd8 62.Rxd8  1-0

[Event "8th ch-Euro w"]
[Site "Dresden GER"]
[Date "2007.04.08"]
[Round "6"]
[White "Vovinkina,N"]
[Black "Nagel,V"]
[Result "1-0"]
[WhiteElo "2202"]
[BlackElo "2079"]

1.d4 Nf6 2.Bg5 d5 3.e3 e6 4.Bd3 c5 5.c3 Nc6 6.Nd2 c4 7.Bc2 b5 8.e4 Be7 9.e5 Nd7
10.Bxe7 Qxe7 11.Ne2 Nb6 12.a3 a5 13.O-O Bb7 14.f4 g6 15.b3 b4 16.axb4 axb4
17.Rxa8+ Bxa8 18.Qa1 bxc3 19.Qxc3 Qb4 20.Qe3 cxb3 21.Bxb3 O-O 22.Rb1 Rc8
23.Qd3 Qa5 24.g4 Bb7 25.Ng3 Ba6 26.Qe3 Qa3 27.f5 Nc4 28.Qf4 Nxd2 29.Qxd2 Na5
30.f6 Nxb3 31.Qh6 Qf8 32.Qxf8+ Kxf8 33.Rxb3 Ke8 34.Ra3 Rc6 35.Kf2 Kd7 36.Ke3 Kc7
37.g5 Kb6 38.Kd2 Rc4 39.Rb3+ Bb5 40.Ke3 Rc2 41.Nf1 Re2+ 42.Kf3 Rc2 43.h4 Ka5
44.Ne3 Rd2 45.Rc3 Be2+ 46.Kg3 Rxd4 47.Rc7 Re4 48.Kf2 Bh5 49.Rxf7 d4 50.Nf1 d3
51.Rd7 Re2+ 52.Kg1 Re1 53.f7 Be2 54.f8=Q Kb5 55.Qb8+ Kc4  1-0

[Event "8th ch-Euro"]
[Site "Dresden GER"]
[Date "2007.04.08"]
[Round "6"]
[White "Godoj,V"]
[Black "Stips,F"]
[Result "1-0"]
[WhiteElo "2113"]
[BlackElo "1964"]

1.d4 Nf6 2.Bg5 d5 3.Nd2 e6 4.e3 c5 5.c3 h6 6.Bh4 cxd4 7.exd4 Be7 8.Bd3 O-O
9.Ngf3 Nbd7 10.O-O a6 11.Re1 b5 12.a3 Re8 13.Qe2 Qb6 14.Ne5 Rb8 15.f4 a5
16.b4 a4 17.Rac1 Nf8 18.g4 Ba6 19.g5 N6d7 20.Qg4 hxg5 21.Bxg5 Bxg5 22.fxg5 Nxe5
23.Rxe5 g6 24.Rf1 Nh7 25.Rf3 Kg7 26.Qh4 Rh8 27.Qh6+  1-0

[Event "8th ch-Euro"]
[Site "Dresden GER"]
[Date "2007.04.11"]
[Round "8"]
[White "Marville,G"]
[Black "Czap,B"]
[Result "0-1"]
[WhiteElo "2031"]
[BlackElo "2204"]

1.d4 Nf6 2.Bg5 c5 3.Bxf6 gxf6 4.d5 Qb6 5.Qc1 Bg7 6.c3 f5 7.g3 d6 8.Bg2 Nd7
9.Nd2 Ne5 10.Ngf3 Ng6 11.e3 e5 12.dxe6 fxe6 13.O-O O-O 14.Qc2 d5 15.Rad1 Kh8
16.h4 e5 17.Ng5 h6 18.Nh3 e4 19.Nb3 Rd8 20.Rd2 Be6 21.Rfd1 Bf7 22.Nc1 Rd7
23.Ne2 Rad8 24.Nhf4 Nxf4 25.Nxf4 d4 26.Bh3 d3 27.Qa4 Qf6 28.Qxa7 b6 29.Qa4 Rb7
30.Ra1 b5 31.Qd1 Ra8 32.a3 Rba7 33.Rc1 Bf8 34.f3 Bd6 35.fxe4 fxe4 36.Rf2 Rg8
37.Kh2 Qe7 38.Qg1 b4 39.axb4 cxb4 40.Rcf1 bxc3 41.bxc3 Rc7 42.Rc1 Ba3 43.Rcf1 Rxc3
44.Ng2 Bh5 45.Rf6 Qg7 46.Qf2 Bf3 47.Ra6 Rc2 48.Qe1 Re2 49.Qa1 Bb2  0-1

[Event "8th ch-Euro w"]
[Site "Dresden GER"]
[Date "2007.04.11"]
[Round "8"]
[White "Vogel,H"]
[Black "Cherednichenko,S"]
[Result "0-1"]
[WhiteElo "2156"]
[BlackElo "2280"]

1.d4 Nf6 2.Bg5 g6 3.Nc3 Bg7 4.e4 d6 5.Bc4 O-O 6.Qe2 c6 7.e5 dxe5 8.dxe5 Nd5
9.Bxd5 cxd5 10.Rd1 d4 11.Nf3 Bg4 12.O-O Nc6 13.Qe4 Bxf3 14.gxf3 Nxe5 15.f4 Nc6
16.Nd5 Qd7 17.Bxe7 f5 18.Qe2 Rf7 19.Qb5 Rxe7 20.Nxe7+ Qxe7 21.Rfe1 Qf7 22.Rd3 Rd8
23.Rb3 Rd7 24.a4 Bh6 25.a5 a6 26.Qa4 Qd5 27.Re8+ Kf7 28.Rh8 Kg7 29.Re8 Bxf4
30.Rh3 Qf7 31.Rc8 Re7 32.Qa3 Qd5 33.f3 Qe6  0-1

[Event "8th ch-Euro"]
[Site "Dresden GER"]
[Date "2007.04.11"]
[Round "8"]
[White "Winants,L"]
[Black "Smirnov,P"]
[Result "0-1"]
[WhiteElo "2524"]
[BlackElo "2631"]

1.d4 Nf6 2.Bg5 d5 3.e3 c5 4.Nc3 Nc6 5.Qd2 cxd4 6.exd4 Bf5 7.Bxf6 gxf6 8.Bd3 Bxd3
9.Qxd3 e6 10.f4 Qb6 11.Nge2 f5 12.Nd1 Be7 13.O-O h5 14.c3 h4 15.Nf2 O-O-O
16.b4 Kb8 17.Nc1 Qc7 18.Nh3 Rhg8 19.Nb3 Bd6 20.Rf2 Ne7 21.Nc5 Rg4 22.Raf1 Ng6
23.Qe2 Rc8 24.a4 Ne7 25.Rc1 Ng8 26.c4 dxc4 27.Rxc4 Qd8 28.Qe1 Nf6 29.Rfc2 Rc7
30.a5 Rg8 31.a6 b5 32.R4c3 Bxc5 33.Rxc5 Qxd4+ 34.Kh1 Rxc5 35.Rxc5 Qe4  0-1

[Event "Open"]
[Site "Sydney AUS"]
[Date "2007.04.12"]
[Round "4"]
[White "Munoz,Co"]
[Black "Wu,E"]
[Result "1/2-1/2"]
[WhiteElo "2117"]
[BlackElo "1875"]

1.d4 Nf6 2.Bg5 c5 3.Bxf6 gxf6 4.e3 cxd4 5.exd4 Qb6 6.b3 Bg7 7.Qg4 O-O 8.Nf3 d5
9.Qh5 e5 10.Be2 e4 11.Nfd2 Qxd4 12.c3 Qe5 13.Qxe5 fxe5 14.Na3 a6 15.c4 d4
16.Nxe4 f5 17.Nd6 d3 18.Bh5 e4 19.O-O-O Bd4 20.Nxc8 Rxc8 21.f3 Be3+ 22.Kb2 Bd4+
23.Kc1 Be3+ 24.Kb2 Bd4+  1/2-1/2

[Event "8th ch-Euro"]
[Site "Dresden GER"]
[Date "2007.04.14"]
[Round "11"]
[White "Miroshnichenko,E"]
[Black "Shomoev,A"]
[Result "1/2-1/2"]
[WhiteElo "2646"]
[BlackElo "2551"]

1.d4 Nf6 2.Bg5 d5 3.Nf3 Ne4 4.Bh4 c5 5.e3 Nc6 6.c3 Qb6 7.Qb3 c4 8.Qc2 Bf5
9.Qc1 e6 10.Nbd2 Bd6 11.Be2 O-O 12.Nxe4 Bxe4 13.Nd2 Bg6 14.O-O Qc7 15.Bg3 b5
16.Re1 Rab8 17.a3 a5 18.Bd1 Rb6 19.e4 Bxg3 20.hxg3 dxe4 21.Nxe4 e5 22.Qe3 exd4
23.cxd4 Qd8 24.d5 Ne7 25.Bf3 Nxd5 26.Qd2 Nf6 27.Qxa5 Bxe4 28.Bxe4 Re6 29.Qxd8 Rxd8
30.Bf3 Rd2 31.Rxe6 fxe6 32.Rb1 Nd5 33.Kf1 Kf7 34.Ke1 Rd4 35.Ra1 Kf6 36.a4 Nb4
37.Ke2 bxa4 38.Rxa4 Nd3 39.Ke3 c3 40.Rxd4 cxb2 41.Rxd3 b1=Q 42.Rd1 Qb3+ 43.Ke2 Qc4+
44.Ke1 e5 45.Be2 Qb4+ 46.Kf1 e4 47.Re1 g6 48.Bd1 Qc3 49.Re3 Qd2 50.Bb3 Qc1+
51.Ke2 Qb1 52.Bd1 h5 53.Rb3 Qc1 54.Re3 Qc4+ 55.Ke1 Kf5 56.Rb3 g5 57.g4+ hxg4
58.g3 Ke5 59.Re3 Qb4+ 60.Kf1 Qb1 61.Ke1 Qb4+ 62.Kf1 Qb1 63.Ke1 Qb4+  1/2-1/2

[Event "Open"]
[Site "Metz FRA"]
[Date "2007.04.14"]
[Round "1"]
[White "Heyman,J"]
[Black "Lalic,B"]
[Result "0-1"]
[WhiteElo "1902"]
[BlackElo "2519"]

1.d4 Nf6 2.Bg5 d5 3.Bxf6 gxf6 4.c3 e5 5.e3 c5 6.Nf3 Nc6 7.Be2 Be6 8.O-O Rg8
9.Kh1 Bd6 10.Na3 Qe7 11.Nb5 Bb8 12.Re1 a6 13.Na3 e4 14.Nh4 f5 15.g3 cxd4
16.cxd4 f4 17.exf4 Bxf4 18.Ng2 Bh6 19.Nc2 O-O-O 20.Rb1 Nb4 21.f4 Kb8 22.a3 Nxc2
23.Qxc2 Rc8 24.Qd2 Qc7 25.Ne3 f5 26.Bd1 Bg7 27.Be2 Bf6 28.Rbc1 Qb6 29.Rxc8+ Rxc8
30.Rd1 Qb3 31.Kg2 Rc6 32.g4 fxg4 33.Rc1 Rxc1 34.Qxc1 Bxd4 35.Nxg4 Qxb2 36.Qxb2 Bxb2
37.a4 d4 38.Nf2 d3 39.Bd1 Bf5  0-1

[Event "Chess Classic Open"]
[Site "Gausdal NOR"]
[Date "2007.04.22"]
[Round "5"]
[White "Pitl,G"]
[Black "Pavlovic,Milos"]
[Result "1/2-1/2"]
[WhiteElo "2367"]
[BlackElo "2534"]

1.d4 Nf6 2.Bg5 d5 3.Nd2 Nbd7 4.e3 e5 5.Ngf3 Bd6 6.dxe5 Nxe5 7.Be2 O-O 8.O-O h6
9.Bh4 Ng6 10.Bg3 Bxg3 11.hxg3 Qe7 12.c4 Rd8 13.Qb3 c5 14.Rac1 Be6 15.Bd3 dxc4
16.Bxc4 Bxc4 17.Nxc4 Ne4 18.Rfd1 b6 19.a4 Rxd1+ 20.Rxd1 Rd8 21.Rd3 Ng5 22.Qd1  1/2-1/2

[Event "FMA Masters"]
[Site "Madrid ESP"]
[Date "2007.04.24"]
[Round "7"]
[White "Campora,D"]
[Black "Mateo,Ra"]
[Result "0-1"]
[WhiteElo "2532"]
[BlackElo "2448"]


1.d4 Nf6 2.Bg5 d5 3.Bxf6 exf6 4.e3 Bd6 5.c4 dxc4 6.Bxc4 O-O 7.Nc3 c6 8.Nf3 Bg4
9.h3 Bh5 10.g4 Bg6 11.Nh4 Kh8 12.Qd2 Nd7 13.O-O-O Bb4 14.Nxg6+ fxg6 15.a3 Nb6
16.Ba2 Bxc3 17.Qxc3 Nd5 18.Qd2 f5 19.Rde1 Qd7 20.g5 a5 21.h4 b5 22.f3 b4
23.e4 fxe4 24.fxe4 Nf4 25.Rhf1 Qg4 26.Bc4 bxa3 27.bxa3 Rab8 28.Kc2 Ng2 29.Rxf8+ Rxf8
30.Re2 Nxh4 31.Qxa5 Nf3 32.Qc5 Rd8 33.Kb2 Qf4 34.Ka2 Nxd4 35.Qb6 Qxg5 36.Rf2 h5
37.e5 Kh7 38.e6 Qe3  0-1

[Event "VI It"]
[Site "Sao Jose do Rio Preto ARG"]
[Date "2007.04.28"]
[Round "10"]
[White "Stamenkovic,Dr"]
[Black "Batista,G"]
[Result "0-1"]
[WhiteElo "2423"]
[BlackElo "2240"]

1.d4 Nf6 2.Bg5 c5 3.Bxf6 gxf6 4.d5 Qb6 5.Qc1 f5 6.c3 Bg7 7.Na3 O-O 8.e3 d6
9.Nh3 Nd7 10.Nf4 Nf6 11.Bc4 a6 12.Nc2 Qc7 13.a4 b6 14.O-O Bd7 15.Qd1 b5 16.axb5 axb5
17.Ba2 Ra7 18.Bb1 Rfa8 19.Rxa7 Rxa7 20.Nh5 Nxh5 21.Qxh5 e5 22.Ne1 Qb7 23.e4 fxe4
24.f3 Qxd5 25.Bxe4 Qd2 26.Qxh7+ Kf8 27.Nd3 Be6 28.Qh4 f6 29.Qf2 Qxf2+ 30.Kxf2 Ke7
31.Nc1 d5 32.Bd3 c4 33.Bb1 Bh6 34.Ne2 b4 35.Rd1 b3 36.Ng3 Ra1 37.Ke2 d4 38.Nf5+ Bxf5
39.Bxf5 Ra2 40.cxd4 Rxb2+ 41.Kf1 c3  0-1

[Event "TCh-RUS HL"]
[Site "Sochi RUS"]
[Date "2007.05.03"]
[Round "1"]
[White "Ionov,S"]
[Black "Kuligin,E"]
[Result "1/2-1/2"]
[WhiteElo "2539"]
[BlackElo "2325"]

1.d4 Nf6 2.Bg5 d5 3.e3 Bg4 4.f3 Bf5 5.c4 Bxb1 6.Rxb1 c6 7.Qb3 Qb6 8.c5 Qxb3
9.axb3 Nbd7 10.b4 a6 11.Ra1 O-O-O 12.Bd3 g6 13.Ne2 Bg7 14.f4 Ng4 15.f5 Bf6
16.Bf4 Bh4+ 17.Kd2 g5 18.Bg3 Bxg3 19.Nxg3 Ngf6 20.Ne2 Rdf8 21.Nc3 e5 22.fxe6 fxe6
23.Rhf1 Kd8 24.Rae1 Ng4 25.h3 Ngf6 26.e4 Nh5 27.exd5 exd5 28.Ne2 h6 29.g3 Ng7
30.Nc3 Rf6 31.Rxf6 Nxf6 32.Rf1 Rf8 33.Kc2 Ke7  1/2-1/2

[Event "4NCL 2006-07"]
[Site "Wokefield Park ENG"]
[Date "2007.05.05"]
[Round "9"]
[White "Devereaux,M"]
[Black "Rudd,J"]
[Result "1/2-1/2"]
[WhiteElo "2366"]
[BlackElo "2385"]

1.d4 Nf6 2.Bg5 d5 3.Bxf6 exf6 4.e3 Bd6 5.Bd3 O-O 6.Ne2 f5 7.O-O Be6 8.Nd2 c6
9.c4 dxc4 10.Nxc4 Bc7  1/2-1/2

[Event "Mitropa Cup Men"]
[Site "Szeged HUN"]
[Date "2007.05.08"]
[Round "1"]
[White "Hoang Thanh Trang"]
[Black "Saric,Iv"]
[Result "1/2-1/2"]
[WhiteElo "2472"]
[BlackElo "2463"]

1.d4 Nf6 2.Bg5 d5 3.e3 c5 4.Bxf6 gxf6 5.dxc5 e6 6.Qh5 Bxc5 7.Nd2 Nc6 8.O-O-O f5
9.Ngf3 Qf6 10.Nb3 Be7 11.Nfd4 Bd7 12.f4 Nxd4 13.Nxd4 Bc5 14.h3 O-O-O 15.g4 fxg4
16.hxg4 h6 17.Kb1 Rde8 18.Bg2 Qg6 19.Bf3 Qxh5 20.Rxh5 f6 21.c3 Bf8 22.f5 exf5
23.Nxf5 Bxf5+ 24.Rxf5 Rxe3 25.Rxf6 Be7 26.Rf5 Rg8 27.Rdxd5 Rg5 28.Rxg5 Bxg5
29.Rf5 Kc7 30.Kc2 Re6 31.Kd3 Rf6 32.Kd4 Rxf5 33.gxf5 Bf6+ 34.Kd5 Kd7 35.a4 Bg7
36.a5 Bh8 37.Be2 Bg7 38.Bb5+ Ke7 39.Be2 Kd7 40.Bg4 Bf6 41.Kc5 Kc7 42.Kd5 Kd7
43.Bh3 h5 44.Bg2 h4 45.Bh3 Ke7 46.Kc4 Kd6 47.Bg2 Kc7 48.b4 b6 49.a6 b5+ 50.Kxb5 Bxc3
51.Kc5 Kd7 52.b5 Ba5  1/2-1/2

[Event "ch-LTU"]
[Site "Siauliai LTU"]
[Date "2007.05.10"]
[Round "8"]
[White "Labeckas,K"]
[Black "Butnorius,A"]
[Result "0-1"]
[WhiteElo "2248"]
[BlackElo "2402"]

1.d4 Nf6 2.Bg5 d5 3.Bxf6 exf6 4.e3 c6 5.c4 dxc4 6.Bxc4 Bd6 7.Ne2 O-O 8.O-O f5
9.Nd2 Nd7 10.a4 a5 11.Nf3 Nf6 12.Qb3 Qe7 13.Nc3 Ne4 14.Rad1 Qf6 15.g3 Bb4
16.Ne5 Nd6 17.Be2 Be6 18.Qc2 Rad8 19.Nd3 Rfe8 20.b3 Qe7 21.Bf3 Bc8 22.Bg2 h5
23.h4 g6 24.Na2 Ba3 25.Ne5 Ne4 26.Nc3 Nf6 27.f4 Be6 28.Na2 Bd5 29.Rfe1 Bxg2
30.Kxg2 Nd5 31.e4 fxe4 32.Qxe4 Qe6 33.Re2 Bf8 34.Rde1 Nf6 35.Qf3 Qf5 36.Rd1 Nd5
37.Nc3 Nxc3 38.Qxc3 f6 39.Qxa5 fxe5 40.fxe5 Bg7 41.Qe1 Qe6 42.Re3 Rf8 43.Qc3 Qd5+
44.Kg1 Bh6 45.Red3 Kh7 46.Re1 Qe6 47.Rdd1 Rd7 48.Qc4 Qg4 49.Rd3 Rdf7 50.d5 Qh3  0-1